000
00333cam a2200133ua 4500
041
_a
hin
_h
082
_a
891.43
_b
MUL/HI
100
_a
Mulraj anand, .
245
_a
Hindustan ki kahani /
_c
Mulkraj anand.
_h
Textual Documents
260
_a
:
_b
Rajkamal prakashan ,
_c
1958.
300
_a
134 ; .
504
_a
999
_c
11959
_d
11959